MyGZULibrary

Zulu proverbs. (Record no. 5484)

MARC details
000 -LEADER
fixed length control field 00672cam a22002411 4500
001 - CONTROL NUMBER
control field 8862593
003 - CONTROL NUMBER IDENTIFIER
control field GZU
005 - DATE AND TIME OF LATEST TRANSACTION
control field 20210407101257.0
008 - FIXED-LENGTH DATA ELEMENTS--GENERAL INFORMATION
fixed length control field 770325s1954 sa 001 0 eng
010 ## - LIBRARY OF CONGRESS CONTROL NUMBER
LC control number 55023866
035 ## - SYSTEM CONTROL NUMBER
System control number (OCoLC)2834325
040 ## - CATALOGING SOURCE
Original cataloging agency DLC
Transcribing agency NRU
Modifying agency DLC
042 ## - AUTHENTICATION CODE
Authentication code premarc
050 00 - LIBRARY OF CONGRESS CALL NUMBER
Classification number PL8842
Item number N9 1954
082 ## - DEWEY DECIMAL CLASSIFICATION NUMBER
Classification number 398.9
100 1# - MAIN ENTRY--PERSONAL NAME
Personal name Nyembezi, C. L. Sibusiso
Fuller form of name (Cyril Lincoln Sibusiso),
Dates associated with a name 1919-
245 00 - TITLE STATEMENT
Title Zulu proverbs.
260 ## - PUBLICATION, DISTRIBUTION, ETC.
Place of publication, distribution, etc. Pietermaritzburg:
Name of publisher, distributor, etc. Shuter and Shooter,
Date of publication, distribution, etc. 1990.
300 ## - PHYSICAL DESCRIPTION
Extent 238 p.
Dimensions 23 cm.
650 #0 - SUBJECT ADDED ENTRY--TOPICAL TERM
Topical term or geographic name entry element Proverbs, Tulu.
906 ## - LOCAL DATA ELEMENT F, LDF (RLIN)
a 7
b cbc
c oclcrpl
d u
e ncip
f 19
g y-gencatlg
942 ## - ADDED ENTRY ELEMENTS (KOHA)
Source of classification or shelving scheme Library of Congress Classification
Koha item type Books
Classification part 8842
Item part NYE
Call number prefix PL
Call number suffix 1990
Holdings
Withdrawn status Lost status Damaged status Not for loan Collection code Home library Current library Shelving location Date acquired Total Checkouts Full call number Barcode Date last seen Date last checked out Copy number Price effective from Koha item type Inventory number Materials specified (bound volume or other part)
        Non-fiction City Campus Library City Campus Library General Stacks 04/07/2021 1 PL8842 NYE 1990 G21900 03/25/2022 03/11/2022 c.1 04/07/2021 Books    
        Non-fiction Mashava Campus Library Mashava Campus Library General Stacks 05/20/2021   PL8842 NYE 1990 G21904 05/20/2021   c.2 05/20/2021 Books 2002/806  
        Non-fiction Mashava Campus Library Mashava Campus Library General Stacks 05/21/2021   PL8842 NYE 1990 012996 05/21/2021   c.3 05/21/2021 Books    
        Non-fiction Mashava Campus Library Mashava Campus Library   09/08/2021   PL8842 NYE 1990 014493 09/08/2021   c. 4 09/08/2021 Books 807 lcc